Art and piety in the female religious communities of Renaissance Italy : iconography, space, and the religious woman's perspective
Gespeichert in:
| VerfasserIn: | |
|---|---|
| Dokumenttyp: | Buch |
| Sprache: | English |
| Veröffentlicht: |
Cambridge [u.a.]
: Cambridge Univ. Press
, 2003
|
| Ausgabe: | 1. publ. |
| Schlagwörter: | |
| Online Zugang: | Rezension Rezension Sample text Publisher description Table of contents |
| Bibliogr. Hinweis: | Rezensiert in:
[Rezension von: Thomas, Anabel, Art and Piety in the Female Religious Communities of Renaissance Italy: Iconography, Space, and the Religious Woman's Perspective] Rezensiert in: [Rezension von: Anabel Thomas, Art and piety in the female religious communities of Renaissance Italy] |
| Verantwortlich: | Anabel Thomas |
| LEADER | 08755cam a2201909 c 4500 | ||
|---|---|---|---|
| 001 | 1604413077 | ||
| 003 | DE-627 | ||
| 005 | 20260610205614.0 | ||
| 007 | tu | ||
| 008 | 030404s2003 xxk||||| b 00| ||eng c | ||
| 010 | |a 2002073593 | ||
| 016 | 7 | |a bA3Z5303 |2 UK | |
| 020 | |a 0521811880 |9 0-521-81188-0 | ||
| 024 | 3 | |a 9780521811880 | |
| 024 | 8 | |a 2002073593 |q Identnummer | |
| 035 | |a (DE-627)1604413077 | ||
| 035 | |a (DE-576)104124261 | ||
| 035 | |a (DE-599)BSZ104124261 | ||
| 035 | |a (OCoLC)248879476 | ||
| 035 | |a (OCoLC)50124523 | ||
| 035 | |a (OCoLC)248879476 | ||
| 035 | |a (DE-604)BV014560833 | ||
| 040 | |a DE-627 |b ger |c DE-627 |e rakwb | ||
| 041 | |a eng | ||
| 044 | |c XA-GB |c XD-US |c XE-AU | ||
| 050 | 0 | |a N7952.C46 | |
| 082 | 0 | |a 709.4509024 | |
| 082 | 0 | |a 704.9/482/0820945 | |
| 082 | 0 | |a 704.94820820945 | |
| 084 | |a 9,10 |a 1 |2 ssgn | ||
| 084 | |a 1 |a 9,10 |2 ssgn | ||
| 084 | |a LN 10250 |2 rvk |0 (DE-625)rvk/101870: | ||
| 084 | |a 20.70 |2 bkl | ||
| 100 | 1 | |a Thomas, Anabel |d 1945- |0 (DE-588)188446087 |0 (DE-627)70474323X |0 (DE-576)360454496 |4 aut | |
| 245 | 1 | 0 | |a Art and piety in the female religious communities of Renaissance Italy |b iconography, space, and the religious woman's perspective |c Anabel Thomas |
| 250 | |a 1. publ. | ||
| 264 | 1 | |a Cambridge [u.a.] |b Cambridge Univ. Press |c 2003 | |
| 300 | |a XXIV, 406 S. |b zahlr. Ill. |c 28cm | ||
| 336 | |a Text |b txt |2 rdacontent | ||
| 337 | |a ohne Hilfsmittel zu benutzen |b n |2 rdamedia | ||
| 338 | |a Band |b nc |2 rdacarrier | ||
| 505 | 8 | |a Literaturverz. S. 377 - 395 | |
| 583 | 1 | |a Archivierung/Langzeitarchivierung gewährleistet |f SSG |x XA-DE-BW |2 pdager |5 DE-21 | |
| 583 | 1 | |a Archivierung/Langzeitarchivierung gewährleistet |f SSG |x XA-DE-BW |2 pdager |5 DE-16 | |
| 583 | 1 | |a Archivierung prüfen |c 20240324 |f DE-4165 |z 1 |2 pdager | |
| 610 | 1 | 0 | |a Catholic church |v In art |
| 650 | 0 | |a Monastic and religious life of women |z Italy, Central | |
| 650 | 4 | |a Geschichte 1400-1600 |7 (dpeaa)DE-2491 | |
| 650 | 4 | |a Italien |7 (dpeaa)DE-2491 | |
| 650 | 4 | |a Frauenkloster |7 (dpeaa)DE-2491 | |
| 650 | 4 | |a Frömmigkeit |7 (dpeaa)DE-2491 | |
| 650 | 4 | |a Kunst |7 (dpeaa)DE-2491 | |
| 650 | 4 | |a Renaissance |7 (dpeaa)DE-2491 | |
| 650 | 4 | |a Geschichte 1400-1600 | |
| 651 | 4 | |a Italien | |
| 655 | 7 | |a Bibliografie |0 (DE-588)4006432-3 |0 (DE-627)104814519 |0 (DE-576)208865578 |2 gnd-content | |
| 689 | 0 | 0 | |d g |0 (DE-588)4027833-5 |0 (DE-627)106283235 |0 (DE-576)208972501 |a Italien |2 gnd |
| 689 | 0 | 1 | |d s |0 (DE-588)4123224-0 |0 (DE-627)105756717 |0 (DE-576)209557893 |a Frauenorden |2 gnd |
| 689 | 0 | 2 | |d s |0 (DE-588)4193793-4 |0 (DE-627)105224480 |0 (DE-576)210089717 |a Religiöse Kunst |2 gnd |
| 689 | 0 | 3 | |a z |2 gnd |a Geschichte 1420-1490 |
| 689 | 0 | |5 DE-101 | |
| 689 | 1 | 0 | |d g |0 (DE-588)4027833-5 |0 (DE-627)106283235 |0 (DE-576)208972501 |a Italien |2 gnd |
| 689 | 1 | 1 | |d s |0 (DE-588)4049450-0 |0 (DE-627)104117257 |0 (DE-576)209082151 |a Renaissance |2 gnd |
| 689 | 1 | 2 | |d s |0 (DE-588)4123224-0 |0 (DE-627)105756717 |0 (DE-576)209557893 |a Frauenorden |2 gnd |
| 689 | 1 | 3 | |d s |0 (DE-588)4193793-4 |0 (DE-627)105224480 |0 (DE-576)210089717 |a Religiöse Kunst |2 gnd |
| 689 | 1 | |5 DE-101 | |
| 689 | 2 | 0 | |d g |0 (DE-588)4027833-5 |0 (DE-627)106283235 |0 (DE-576)208972501 |a Italien |2 gnd |
| 689 | 2 | 1 | |d s |0 (DE-588)4071432-9 |0 (DE-627)106097725 |0 (DE-576)209183942 |a Frauenkloster |2 gnd |
| 689 | 2 | 2 | |d s |0 (DE-588)4193793-4 |0 (DE-627)105224480 |0 (DE-576)210089717 |a Religiöse Kunst |2 gnd |
| 689 | 2 | 3 | |a z |2 gnd |a Geschichte 1420-1490 |
| 689 | 2 | |5 DE-101 | |
| 689 | 3 | 0 | |d g |0 (DE-588)4027833-5 |0 (DE-627)106283235 |0 (DE-576)208972501 |a Italien |2 gnd |
| 689 | 3 | 1 | |d s |0 (DE-588)4049450-0 |0 (DE-627)104117257 |0 (DE-576)209082151 |a Renaissance |2 gnd |
| 689 | 3 | 2 | |d s |0 (DE-588)4071432-9 |0 (DE-627)106097725 |0 (DE-576)209183942 |a Frauenkloster |2 gnd |
| 689 | 3 | 3 | |d s |0 (DE-588)4193793-4 |0 (DE-627)105224480 |0 (DE-576)210089717 |a Religiöse Kunst |2 gnd |
| 689 | 3 | |5 DE-101 | |
| 689 | 4 | 0 | |d g |0 (DE-588)4027833-5 |0 (DE-627)106283235 |0 (DE-576)208972501 |a Italien |2 gnd |
| 689 | 4 | 1 | |d s |0 (DE-588)4071432-9 |0 (DE-627)106097725 |0 (DE-576)209183942 |a Frauenkloster |2 gnd |
| 689 | 4 | 2 | |d s |0 (DE-588)4018672-6 |0 (DE-627)106324446 |0 (DE-576)208926046 |a Frömmigkeit |2 gnd |
| 689 | 4 | 3 | |d s |0 (DE-588)4114333-4 |0 (DE-627)105822957 |0 (DE-576)209483733 |a Kunst |2 gnd |
| 689 | 4 | 4 | |a z |2 gnd |a Geschichte 1420-1600 |
| 689 | 4 | |5 (DE-627) | |
| 689 | 5 | 0 | |d s |0 (DE-588)4049450-0 |0 (DE-627)104117257 |0 (DE-576)209082151 |a Renaissance |2 gnd |
| 689 | 5 | 1 | |d s |0 (DE-588)4071432-9 |0 (DE-627)106097725 |0 (DE-576)209183942 |a Frauenkloster |2 gnd |
| 689 | 5 | 2 | |d s |0 (DE-588)4018672-6 |0 (DE-627)106324446 |0 (DE-576)208926046 |a Frömmigkeit |2 gnd |
| 689 | 5 | 3 | |d s |0 (DE-588)4114333-4 |0 (DE-627)105822957 |0 (DE-576)209483733 |a Kunst |2 gnd |
| 689 | 5 | 4 | |d g |0 (DE-588)4027833-5 |0 (DE-627)106283235 |0 (DE-576)208972501 |a Italien |2 gnd |
| 689 | 5 | |5 (DE-627) | |
| 689 | 6 | 0 | |d g |0 (DE-588)4027833-5 |0 (DE-627)106283235 |0 (DE-576)208972501 |a Italien |2 gnd |
| 689 | 6 | 1 | |d s |0 (DE-588)4071432-9 |0 (DE-627)106097725 |0 (DE-576)209183942 |a Frauenkloster |2 gnd |
| 689 | 6 | 2 | |d s |0 (DE-588)4114333-4 |0 (DE-627)105822957 |0 (DE-576)209483733 |a Kunst |2 gnd |
| 689 | 6 | 3 | |d s |0 (DE-588)4701959-1 |0 (DE-627)354896911 |0 (DE-576)215303105 |a Frömmigkeit |g Motiv |2 gnd |
| 689 | 6 | 4 | |a z |2 gnd |a Geschichte 1420-1600 |
| 689 | 6 | |5 (DE-627) | |
| 689 | 7 | 0 | |d s |0 (DE-588)4049450-0 |0 (DE-627)104117257 |0 (DE-576)209082151 |a Renaissance |2 gnd |
| 689 | 7 | 1 | |d s |0 (DE-588)4071432-9 |0 (DE-627)106097725 |0 (DE-576)209183942 |a Frauenkloster |2 gnd |
| 689 | 7 | 2 | |d s |0 (DE-588)4114333-4 |0 (DE-627)105822957 |0 (DE-576)209483733 |a Kunst |2 gnd |
| 689 | 7 | 3 | |d s |0 (DE-588)4701959-1 |0 (DE-627)354896911 |0 (DE-576)215303105 |a Frömmigkeit |g Motiv |2 gnd |
| 689 | 7 | 4 | |d g |0 (DE-588)4027833-5 |0 (DE-627)106283235 |0 (DE-576)208972501 |a Italien |2 gnd |
| 689 | 7 | |5 (DE-627) | |
| 689 | 8 | 0 | |d g |0 (DE-588)4027833-5 |0 (DE-627)106283235 |0 (DE-576)208972501 |a Italien |2 gnd |
| 689 | 8 | 1 | |d s |0 (DE-588)4071432-9 |0 (DE-627)106097725 |0 (DE-576)209183942 |a Frauenkloster |2 gnd |
| 689 | 8 | 2 | |d s |0 (DE-588)4018672-6 |0 (DE-627)106324446 |0 (DE-576)208926046 |a Frömmigkeit |2 gnd |
| 689 | 8 | 3 | |d s |0 (DE-588)4114333-4 |0 (DE-627)105822957 |0 (DE-576)209483733 |a Kunst |2 gnd |
| 689 | 8 | 4 | |a z |2 gnd |a Geschichte 1420-1600 |
| 689 | 8 | |5 (DE-627) | |
| 787 | 0 | 8 | |i Rezensiert in |a Radke, Gary M. |t [Rezension von: Thomas, Anabel, Art and Piety in the Female Religious Communities of Renaissance Italy: Iconography, Space, and the Religious Woman's Perspective] |d 2005 |w (DE-627)1802389245 |
| 787 | 0 | 8 | |i Rezensiert in |a Pearson, Andrea G., 1961 - |t [Rezension von: Anabel Thomas, Art and piety in the female religious communities of Renaissance Italy] |d 2004 |w (DE-627)191983074X |
| 856 | 4 | 2 | |u https://swbplus.bsz-bw.de/bsz104124261rez.htm |m V:DE-576 |v 2005-05-24 |3 Rezension |7 1 |
| 856 | 4 | 2 | |u http://www.sehepunkte.de/2004/02/3806.html |m V:DE-576;X:Sehepunkte |q text/html |v 20180424122846 |3 Rezension |7 1 |
| 856 | 4 | 2 | |u http://www.loc.gov/catdir/samples/cam033/2002073593.html |x Verlag |y Sample text |7 1 |
| 856 | 4 | 2 | |u http://www.loc.gov/catdir/description/cam031/2002073593.html |x Verlag |y Publisher description |7 1 |
| 856 | 4 | 2 | |u http://www.loc.gov/catdir/toc/cam031/2002073593.html |x Verlag |y Table of contents |7 1 |
| 889 | |w (DE-627)358859514 | ||
| 935 | |a mteo | ||
| 935 | |i mdedup | ||
| 936 | r | v | |a LN 10250 |b Hochrenaissance (und Renaissance allgemein) |k Kunstgeschichte |k Kunst nach Ländern bzw. Kontinenten |k Italien |k Italienische Kunstgeschichte einzelner Epochen |k Hochrenaissance (und Renaissance allgemein) |0 (DE-627)1270637770 |0 (DE-625)rvk/101870: |0 (DE-576)200637770 |
| 936 | b | k | |a 20.70 |j Europäische Kunst: Allgemeines |0 (DE-627)106406566 |
| 951 | |a BO | ||
| 990 | |a Italien | ||
| 990 | |a Frauenorden | ||
| 990 | |a Religiöse Kunst | ||
| 990 | |a Geschichte 1420-1490 | ||
| 990 | |a Italien | ||
| 990 | |a Renaissance | ||
| 990 | |a Frauenorden | ||
| 990 | |a Religiöse Kunst | ||
| 990 | |a Italien | ||
| 990 | |a Frauenkloster | ||
| 990 | |a Religiöse Kunst | ||
| 990 | |a Geschichte 1420-1490 | ||
| 990 | |a Italien | ||
| 990 | |a Renaissance | ||
| 990 | |a Frauenkloster | ||
| 990 | |a Religiöse Kunst | ||
| 990 | |a Italien | ||
| 990 | |a Frauenkloster | ||
| 990 | |a Frömmigkeit | ||
| 990 | |a Kunst | ||
| 990 | |a Geschichte 1420-1600 | ||
| 990 | |a Renaissance | ||
| 990 | |a Frauenkloster | ||
| 990 | |a Frömmigkeit | ||
| 990 | |a Kunst | ||
| 990 | |a Italien | ||
| 990 | |a Italien | ||
| 990 | |a Frauenkloster | ||
| 990 | |a Kunst | ||
| 990 | |a Frömmigkeit | ||
| 990 | |a Geschichte 1420-1600 | ||
| 990 | |a Renaissance | ||
| 990 | |a Frauenkloster | ||
| 990 | |a Kunst | ||
| 990 | |a Frömmigkeit | ||
| 990 | |a Italien | ||
| 990 | |a Italien | ||
| 990 | |a Frauenkloster | ||
| 990 | |a Frömmigkeit | ||
| 990 | |a Kunst | ||
| 990 | |a Geschichte 1420-1600 | ||
| 991 | |a Rezensiertes Werk | ||
| 999 | |a KXP-PPN1604413077 |e 4988400662 | ||


